00850nam a2200217 a 4500001001000000003000500010005001700015008004100032010001100073011001100084040000900095100002700104245014500131260004100276500006000317502009200377650003600469650003200505650002500537856007000562000108812CHAP20220329144025.0140313s2013 mx sm |||||||spa d a105274 a106246 cCHAP1 aHilerio Cruz, Abelardo10aDiversidad de insectos plaga asociados a cinco especies del género tagetes en Chapingo, Méxicoh[En línea]cpor Abelardo Hilerio Cruz. aChapingo, Méx. :bEl autor,c2013. aPara ver el contenido del material haga clic en la liga aTesis (MC. en Protección Vegetal) -- UACH. Departamento de Parasitología Agrícola14aInsectosxHábitos y conducta.14aInsectosxIdentificación.14aTagetesxVariedades. aFinding aiduhttp://10.13.5.2/tesis/sist108812.pdfzTeclea aquí